000 01128nam a2200337 a 4500
001 000017223
003
005 20250918105916.0
007 ta
008 100319s2009 dr ac 001 0 spa d
020 _z978994527813
040 _aDO-SdBPM
_bspa
_cBPMSU
_drda
049 _a
082 4 _a923.27293
_bB742C 2009
_222
100 1 _aColombo, Ramón E.,
_d1947-
_eautor
245 1 0 _aBosch :
_bla palabra y el eco /
_cRamón E. Colombo.
260 _a
264 _aSanto Domingo :
_bAlfa y Omega,
_c2009.
300 _a108 páginas :
_bilustraciones ; retrato. ;
_c28 cm.
336 _atexto
_btxt
_2rdacontent
337 _asin mediación
_bn
_2rdamedia
338 _avolumen
_bnc
_2rdacarrier
500 _aIncluye índice onomástico
500 _aIncluye datos biográficos del autor en la solapa de la cubierta
590 _aInventariado,2025/VM
600 1 4 _a Bosch, Juan,
_d1909-2001
_vEntrevistas
650 7 _aPeriodismo político
_zRepública Dominicana
651 7 _aRepública Dominicana
_xPolítica y gobierno
_y Siglo XX
910 _aVMateo V. Control de calidad. BPMSU
942 _2ddc
_cBK
999 _c15405
_d15405